000
00325 a2200145 4500
001
170315
020
_a
040
_c
Magnum
100
_a
Colegio Retamar
240
1
0
_a
Retamatch: la biblioteca del colegio
_l
ESP
245
1
0
_a
Retamatch: la biblioteca del colegio
362
0
_a
1899
697
_a
ESPANHOL
942
_c
BK
999
_c
170315
_d
170315